Statistiques concernant Le conflit israélo-palestinien en 50 questions

Cliquez ici pour prendre le quiz!

Statistiques générales

  • Ce quiz a été pris 287 fois
  • Le résultat moyen est 18 sur 50

Statistiques - réponses

HintRéponse% Correct
Citez un des deux territoires palestiniensBande de Gaza | Cisjordanie
81%
Année où Israël déclara son indépendance vis-à-vis du Royaume-Uni1948
79%
Citez un des mouvements terroristes propres à un des territoiresFatah | Hamas
74%
Territoire conquis par Israël en Egypte à l'issue de la Guerre de Six-JoursSinaï
67%
Ville allemande où eu lieu une prise d'otages d'athlètes israéliens en 1972, qui se termina dans un bain de sang à l'aérodrome de FürstenfeldbruckMunich
65%
Créateur de l'OLPYasser Arafat
64%
Accords signés entre Israël et la Palestine en 1993, aboutissant à la reconnaissance de l'OLP comme délégatrice de l'autorité palestinienneAccords d'Oslo
63%
Ville dans laquelle sont installées toutes les ambassades en Israël à l'exception de l'ambassade américaine, déplacée en 2017Tel-Aviv
63%
Pays en guerre civile de 1975 à 1990 où Israël intervint militairement sur fond de soupçons d'hébergement de l'OLPLiban
58%
Homme politique israélien qui déclara cette indépendanceDavid Ben Gourion
56%
Actuel premier ministre israélienBenjamin Nethanyahu
53%
Territoire conquis par Israël en Syrie, qui n'a toujours pas été rétrocédéPlateau de Golan
52%
Premier ministre israélien qui signa ces accords, assassiné par un extrémiste juif le 4 novembre 1995Yitzhak Rabin
52%
Années ayant connu une Intifada du peuple palestinien1987 | 2000
50%
Nom de la troisième guerre israélo-arabeGuerre de Six-Jours
50%
Homme politique américain qui proposa le "deal du siècle" pour résoudre le problèmeDonald Trump
48%
Mouvement terroriste de ce pays affilié aux mouvements palestiniensHezbollah
47%
Ecrivain et journaliste autrichien, fondateur du mouvement sionisteThéodore Herzl
47%
Nom donné à l'armée israélienneTsahal
43%
Ville dans laquelle est installée la "capitale" palestinienneRamallah
42%
Nom de la quatrième guerre israélo-arabeGuerre du Kippour
41%
Non donné à l'exode palestinien de 1948Nakba
41%
Homme politique britannique qui annonça la création d'un foyer national juif en PalestineLord Balfour
39%
Année où fut créée l'OLP (Organisation de Libération de la Palestine)1964
37%
Zone stratégique, ayant engendré un conflit en 1956 dans lequel Israël prit partCanal de Suez
37%
"Président" actuel de la Palestine depuis 2005Mahmoud Abbas
37%
Lieu où fut signée la paix séparéeCamp David
34%
Organisation qui contribua au grand choc pétrolier en 1973OPEP
34%
Président américain qui chapeauta l'opération, et qui reçut le Prix Nobel de la PaixJimmy Carter
32%
Fermes israéliennes installées dans les territoires palestiniensKibboutz
32%
Homme politique égyptien qui proposa la paix à Israël en 1978, ainsi que la rétrocession du territoire conquisAnouar al-Sadate
29%
Parti de la droite dure dont il est la figure de proueLikoud
29%
Année où la Palestine obtint le statut de pays non-membre observateur de l'ONU2012
28%
Homme politique israélien en place durant la seconde IntifadaAriel Sharon
24%
Citez un des territoires israéliens conquis à partir de 1948Galilée | Judée | Samarie | Néguev
24%
Homme politique sud-américain qui soutint la politique de colonisation des territoires palestiniensJair Bolsonaro
22%
Ville palestinienne source de conflits, souvent rapportée comme la plus vieille du mondeJéricho
21%
Personnalité à la tête du pays lors de ces négociationsGolda Meir
20%
Premier ministre israélien de l'époque, qui serra la main de l'homme précédentMenahem Begin
20%
Organisation terroriste palestinienne à laquelle appartenait les preneurs d'otagesSeptembre Noir
18%
Nom du territoire à partager entre les deux camps en 1947Palestine Mandataire
14%
Homme politique israélien, élu en juin 2022, mais qui fut contraint à démissionner quelques mois plus tardYair Lapid
14%
Nouvelle opération menée à Gaza en 2014, suite au kidnapping de trois adolescents israéliensBordure Protectrice
9%
Opération menée en 2008 par Israël à GazaPlomb Durci
8%
Ville dans laquelle se tint la conférence des pays arabes sur le triple non en 1967Khartoum
6%
Résolution prise par l'ONU lors de la troisième guerre israélo-arabeRésolution 242
5%
Citez un des chefs d'accusation de l'enquête lancée par le ministre des Affaires Etrangères palestinien en 2018 à l'égard d'IsraëlCrimes de Guerre | Crimes contre l'Humanité
4%
Organisation dont l'Egypte est par conséquent exclueLigue des Pays Arabes
3%
Accords de paix signés avec la Jordanie en 1994Accords de Wadi Araba
2%
Signification du terme IntifadaRévolte des Pierres
2%

Distribution des résultats

Percentile par nombre de réponses

% des personnes avec chaque résultat

Votre développement - résultats

Vous n’avez pas pris ce quiz